The Vikings /

Hlavní autor: Arbman, Holger, 1904-1968
Další autoři: Binns, Alen
Jazyk: Angličtina
Vydáno: London : Thames and Hudson, 1965
Edice: Ancient peoples and places (Thames and Hudson)
Fyzický popis: 212 s.
Knihy
Uloženo v:
LEADER 00796nam a22002412a 4500
001 000134531
003 CZ BrMZK
005 20130822104646.0
007 ta
008 950101s1965 xxk f eng d
040 |a BOA001  |b cze 
100 1 |a Arbman, Holger,  |d 1904-1968  |7 xx0024666  |4 aut 
245 1 4 |a The Vikings /  |c Holger Arbman ; translation and edition with an introduction by Alen Binns 
260 |a London :  |b Thames and Hudson,  |c 1965 
300 |a 212 s. 
490 1 |a Ancient peoples and places ;  |v vol. 21 
504 |a Obsahuje bibliografii 
700 1 |a Binns, Alen  |4 edt  |4 trl 
830 0 |a Ancient peoples and places (Thames and Hudson) 
910 |a BOA001  |b 2-0602.910 
990 |a BK 
991 |b 201308 
996 7 |b 2619958211  |c 2-0602.910  |l HP2  |r DEN  |n 16  |w 000134531  |u 000010  |a 1  |e BOA001  |j MZK50  |s A